000 00818nam a22002537a 4500
999 _c5753
_d5753
005 20251029084601.0
008 2510297800081835099b ||||| |||| 00| 0 eng d
040 _cKH8
082 _a813.54 SEU
100 _aDR.SEUSS
_e-1 Author and Illustrator
245 _aTHE CAT IN THE HAT
260 _a1 London Bridge Street,London,SE1 9GF
_bHarperCollins Publishers Ltd
_c2017
300 _a62 Pages
_bColour Illustration
_c19 cm x 27 cm
520 _a60 years ago,the Cat in the Hat stepped in on the mat and introduced generations of children to the magic of Dr.Seuss!
650 _aJuvenile Fiction
650 _aCats
650 _aHats
650 _aImagination
655 _aStories in Rhyme
655 _aPicture Books
655 _aFiction
655 _aChildren's Stories
942 _2ddc
_cFIC